000
00220 a2200109 4500
020
_a
9781941026038
041
_a
spa
100
_a
Luis San Visente
245
_a
El festival de las calaveras
942
_c
BK
952
_7
1
999
_c
21930
_d
21930